[Event "Politiken Cup 2007"]
[Site "Helsingor"]
[Date "2007.07.24"]
[Round "5.66"]
[White "Nielsen, Preben"]
[Black "Jonsson, Krister"]
[Result "0-1"]
[WhiteElo "1962"]
[BlackElo "2114"]
[PlyCount "106"]
[EventDate "2007.??.??"]

1. e4 c5 2. Nf3 e6 3. d4 cxd4 4. Nxd4 Nc6 5. Nxc6 bxc6 6. Be3 Nf6 7. Bd3 d5 8.
Nd2 Be7 9. O-O O-O 10. c3 e5 11. exd5 cxd5 12. Nb3 Qc7 13. Re1 Bd6 14. Be2 Bb7
15. g3 a5 16. Rc1 a4 17. Na1 Rfc8 18. a3 Qc6 19. f3 Rab8 20. Nc2 Bc5 21. Bxc5
Qxc5+ 22. Kg2 Nd7 23. Nb4 Nb6 24. Bd3 Re8 25. Bc2 Nc4 26. Qd3 e4 27. Qd4 Qxd4
28. cxd4 Nxb2 29. Rb1 exf3+ 30. Kxf3 Nc4 31. Rxe8+ Rxe8 32. Bxa4 Nd2+ 33. Kf2
Nxb1 34. Bxe8 Nxa3 35. Ba4 Nc4 36. Bb3 Nb6 37. Kf3 f6 38. h4 g6 39. Kf4 Kf7 40.
Kf3 Ke6 41. Nd3 Bc8 42. Bc2 f5 43. Bb3 Nc4 44. Nc5+ Kd6 45. Ba4 Nd2+ 46. Kf4
Ne4 47. Nd3 h6 48. Ne5 g5+ 49. hxg5 hxg5+ 50. Kf3 g4+ 51. Kf4 Nc3 52. Bc2 Ne2+
53. Kg5 Nxd4 0-1

[Event "Politiken Cup 2007"]
[Site "Helsingor"]
[Date "2007.07.24"]
[Round "5.67"]
[White "Nielsen, Jacob Woge"]
[Black "Andersen, Dag"]
[Result "0-1"]
[WhiteElo "2111"]
[BlackElo "1944"]
[PlyCount "64"]
[EventDate "2007.??.??"]

1. e4 e5 2. Nf3 Nc6 3. d4 exd4 4. Nxd4 Bc5 5. Nb3 Bb6 6. a4 a6 7. Nc3 Qf6 8.
Qe2 Nge7 9. Nd5 Nxd5 10. exd5+ Ne7 11. a5 Ba7 12. Ra4 O-O 13. d6 Nd5 14. c4 b5
15. axb6 Nxb6 16. Ra5 cxd6 17. Bg5 Qg6 18. Nd2 Bb7 19. h4 Rfe8 20. Be3 Qc2 21.
b3 f5 22. Qd1 Qc3 23. Rxf5 Nc8 24. Rh3 Bxe3 25. Rxe3 Rxe3+ 26. fxe3 Ne7 27. Rg5
Re8 28. Qb1 Qxe3+ 29. Kd1 Nc6 30. Nf3 Nb4 31. Qb2 Bxf3+ 32. gxf3 Qe1# 0-1

[Event "Politiken Cup 2007"]
[Site "Helsingor"]
[Date "2007.07.24"]
[Round "5.68"]
[White "Jorgensen, Kasper Moller"]
[Black "Struch, Thomas"]
[Result "0-1"]
[WhiteElo "1954"]
[BlackElo "2106"]
[PlyCount "118"]
[EventDate "2007.??.??"]

1. e4 e5 2. Nf3 Nc6 3. c3 d5 4. Qa4 Qd6 5. exd5 Qxd5 6. Bc4 Qe4+ 7. Kd1 Be6 8.
Bb5 Qxa4+ 9. Bxa4 Bd7 10. Bxc6 Bxc6 11. Nxe5 Bxg2 12. Re1 Ne7 13. d4 f6 14. Nd3
O-O-O 15. Nd2 Nf5 16. Nf4 Bc6 17. Kc2 Re8 18. Rxe8+ Bxe8 19. Ne4 Bf7 20. Ng3
Nxg3 21. fxg3 g5 22. Nd3 Bd6 23. Be3 Bg6 24. Kd2 h5 25. Rf1 Be7 26. h4 gxh4 27.
gxh4 Bf7 28. Ne5 fxe5 29. Rxf7 Bxh4 30. dxe5 Kd8 31. Kd3 Bg3 32. Bg5+ Kc8 33.
e6 Bd6 34. e7 Kd7 35. Bh4 Rh6 36. Ke4 Re6+ 37. Kf5 Re2 38. Rh7 Rxb2 39. Kg6 Re2
40. Rxh5 Re6+ 41. Kf7 Bxe7 42. Rd5+ Rd6 43. Rxd6+ Bxd6 44. Bf2 a6 45. Kf6 Kc6
46. c4 Bc5 47. Be1 Bd4+ 48. Ke6 Kc5 49. Bg3 c6 50. Kd7 Kxc4 51. Kc7 Kb5 52.
Kxb7 a5 53. a4+ Kxa4 54. Kxc6 Kb3 55. Kd5 Bc3 56. Ke4 a4 57. Bd6 Bb4 58. Be5 a3
59. Kd3 a2 0-1

[Event "Politiken Cup 2007"]
[Site "Helsingor"]
[Date "2007.07.24"]
[Round "5.69"]
[White "Cannon, Richard J"]
[Black "Ringoir, Guy"]
[Result "1-0"]
[WhiteElo "2104"]
[BlackElo "1938"]
[PlyCount "53"]
[EventDate "2007.??.??"]

1. e4 c5 2. Nf3 d6 3. Nc3 Nf6 4. e5 dxe5 5. Nxe5 a6 6. a4 Nbd7 7. Nc4 b6 8. d4
cxd4 9. Qxd4 Bb7 10. Be3 e6 11. Nd6+ Bxd6 12. Qxd6 Qb8 13. Qxb8+ Rxb8 14. f3
O-O 15. Be2 Rfc8 16. O-O Nd5 17. Nxd5 Bxd5 18. Bxa6 Rxc2 19. b4 Nf6 20. Rfc1
Bb3 21. Rxc2 Bxc2 22. a5 Nd5 23. Bxb6 Nxb6 24. axb6 g6 25. b7 e5 26. Rc1 Bf5
27. Rc8+ 1-0

[Event "Politiken Cup 2007"]
[Site "Helsingor"]
[Date "2007.07.24"]
[Round "5.70"]
[White "Pedersen, Dimon Paul"]
[Black "Karlsson, Patrik"]
[Result "1-0"]
[WhiteElo "2092"]
[BlackElo "1934"]
[PlyCount "63"]
[EventDate "2007.??.??"]

1. c4 Nf6 2. g3 e6 3. Bg2 d5 4. Nf3 Be7 5. O-O O-O 6. Qc2 Nbd7 7. b3 c6 8. Bb2
Re8 9. d4 b5 10. Nbd2 bxc4 11. bxc4 Ba6 12. Rac1 Rb8 13. Rb1 Qa5 14. Bc3 Bb4
15. Rxb4 Rxb4 16. a3 Qxa3 17. Ra1 Qxa1+ 18. Bxa1 dxc4 19. Bc3 Rb7 20. Ng5 Rc7
21. Qa2 Bb5 22. Nxc4 Bxc4 23. Qxc4 Nd5 24. Ba5 N5b6 25. Qd3 g6 26. h4 h6 27.
Ne4 e5 28. Bh3 Kg7 29. h5 g5 30. Nd6 Rf8 31. Nf5+ Kh8 32. dxe5 1-0

[Event "Politiken Cup 2007"]
[Site "Helsingor"]
[Date "2007.07.24"]
[Round "5.71"]
[White "Nielsen, Jens Holm"]
[Black "Nohr, Finn"]
[Result "0-1"]
[WhiteElo "1946"]
[BlackElo "2087"]
[PlyCount "58"]
[EventDate "2007.??.??"]

1. e4 e5 2. Nf3 Nc6 3. Bb5 a6 4. Bxc6 dxc6 5. d3 Bd6 6. Qe2 Ne7 7. d4 exd4 8.
Nxd4 Ng6 9. Be3 O-O 10. Nd2 c5 11. N4b3 b6 12. f3 a5 13. Qf2 a4 14. Nc1 a3 15.
b3 f5 16. f4 fxe4 17. g3 Bb7 18. O-O Qd7 19. Qe2 Ne7 20. c4 Qh3 21. Qg2 Qxg2+
22. Kxg2 Nf5 23. Re1 Be7 24. Rb1 Bf6 25. g4 Nxe3+ 26. Rxe3 Bd4 27. Re1 Rxf4 28.
Kg3 Raf8 29. Ne2 Bf2+ 0-1

[Event "Politiken Cup 2007"]
[Site "Helsingor"]
[Date "2007.07.24"]
[Round "5.72"]
[White "Jensen, Michael Agermose"]
[Black "Wilsbeck, Jan B"]
[Result "1/2-1/2"]
[WhiteElo "2086"]
[BlackElo "1925"]
[PlyCount "99"]
[EventDate "2007.??.??"]

1. e4 c5 2. d4 cxd4 3. c3 dxc3 4. Nxc3 d6 5. Bc4 Nc6 6. Nf3 Bd7 7. O-O e6 8.
Qe2 Nf6 9. Rd1 Be7 10. Bg5 a6 11. Rd2 Qa5 12. Rad1 Ne5 13. Nxe5 Qxe5 14. f4
Qc5+ 15. Kh1 Bc6 16. Bxf6 gxf6 17. f5 b5 18. Bb3 e5 19. Bd5 h5 20. b4 Qb6 21.
Rc2 Rc8 22. Rdc1 Bd7 23. Qd3 Kf8 24. Bb3 Rg8 25. Nd5 Rxc2 26. Rxc2 Qa7 27. Qe3
Qxe3 28. Nxe3 Bd8 29. g3 a5 30. a3 Kg7 31. Rd2 Bc6 32. Bd5 Bb6 33. Bxc6 Bxe3
34. Rxd6 axb4 35. axb4 Rc8 36. Bxb5 Rb8 37. Rd5 Bd4 38. Kg2 Bc3 39. Be2 Rxb4
40. Bxh5 Rxe4 41. Rd7 Kh6 42. Bxf7 Re2+ 43. Kh3 Rd2 44. Rb7 Kg7 45. Bg6+ Kh8
46. Rf7 e4 47. Re7 Be5 48. Re8+ Kg7 49. Re7+ Kf8 50. Re8+ 1/2-1/2

[Event "Politiken Cup 2007"]
[Site "Helsingor"]
[Date "2007.07.24"]
[Round "5.73"]
[White "Erikstad, Olav"]
[Black "Andersen, Lars Rene"]
[Result "0-1"]
[WhiteElo "1936"]
[BlackElo "2081"]
[PlyCount "68"]
[EventDate "2007.??.??"]

1. e4 c5 2. Nc3 Nc6 3. g3 g6 4. Bg2 Bg7 5. d3 d6 6. Nf3 Nf6 7. O-O O-O 8. Be3
a6 9. Qd2 Ng4 10. Bf4 e5 11. Bg5 f6 12. Be3 Nd4 13. Nd5 Be6 14. Bxd4 cxd4 15.
c4 f5 16. Qg5 Nf6 17. Nd2 Ra7 18. Rfc1 b6 19. Nb4 Qe8 20. Nd5 h6 21. Qh4 g5 22.
Qh3 fxe4 23. Nxf6+ Rxf6 24. g4 Rf4 25. Nxe4 Bxg4 26. Nxd6 Qd7 27. Bd5+ Kh8 28.
Qg2 Qxd6 29. b4 Be6 30. Kh1 Raf7 31. Bxe6 Qxe6 32. c5 Rxf2 33. Qa8+ Rf8 34. Qb7
Qh3 0-1

[Event "Politiken Cup 2007"]
[Site "Helsingor"]
[Date "2007.07.24"]
[Round "5.74"]
[White "Strand, Kjetil"]
[Black "Viljanen, Jouko"]
[Result "1-0"]
[WhiteElo "2081"]
[BlackElo "1917"]
[PlyCount "57"]
[EventDate "2007.??.??"]

1. e4 c5 2. Nf3 d6 3. d4 cxd4 4. Nxd4 Nf6 5. Nc3 a6 6. Bc4 e6 7. O-O Be7 8. Bb3
O-O 9. f4 Nc6 10. Kh1 Nxd4 11. Qxd4 Bd7 12. f5 e5 13. Qd3 Bc6 14. Bg5 Qc7 15.
Rad1 Rad8 16. Qf3 b5 17. Rd3 b4 18. Bxf6 Bxf6 19. Nd5 Bxd5 20. Rxd5 Qb6 21.
Rfd1 Bg5 22. R5d3 a5 23. Qh5 Bf6 24. Rh3 h6 25. Rg3 Bg5 26. h4 Qf2 27. Rdd3
Qf1+ 28. Kh2 Bf4 29. Qg6 1-0

[Event "Politiken Cup 2007"]
[Site "Helsingor"]
[Date "2007.07.24"]
[Round "5.75"]
[White "Reppen, Ellisiv"]
[Black "Roder, Peter"]
[Result "0-1"]
[WhiteElo "1922"]
[BlackElo "2080"]
[PlyCount "58"]
[EventDate "2007.??.??"]

1. e4 c5 2. Nf3 d6 3. d4 cxd4 4. Nxd4 Nf6 5. Nc3 g6 6. Be3 Bg7 7. f3 O-O 8. Qd2
Nc6 9. O-O-O d5 10. Nxc6 bxc6 11. exd5 cxd5 12. Nxd5 Nxd5 13. Qxd5 Qc7 14. Qc4
Qe5 15. Qd4 Qb8 16. Qc5 Qxb2+ 17. Kd2 Bf5 18. Ke1 Rac8 19. Qb5 Rxc2 20. Qxb2
Rxb2 21. Bc4 Rxg2 22. Be2 Bc3+ 23. Bd2 Rc8 24. Bxc3 Rxc3 25. h4 Re3 26. Rd2 Bd3
27. Rxd3 Rexe2+ 28. Kf1 Ref2+ 29. Ke1 Rxa2 0-1

[Event "Politiken Cup 2007"]
[Site "Helsingor"]
[Date "2007.07.24"]
[Round "5.76"]
[White "Vos, Chris"]
[Black "Sjol, Henrik"]
[Result "1/2-1/2"]
[WhiteElo "2071"]
[BlackElo "1904"]
[PlyCount "59"]
[EventDate "2007.??.??"]

1. e4 c6 2. d4 d5 3. Nc3 dxe4 4. Nxe4 Bf5 5. Ng3 Bg6 6. Nf3 Nd7 7. Bd3 Bxd3 8.
Qxd3 e6 9. O-O Ngf6 10. Re1 Be7 11. Bg5 h6 12. Bd2 Qc7 13. Rad1 O-O-O 14. b4 g5
15. Qb3 g4 16. Ne5 Nxe5 17. dxe5 Nd7 18. Bf4 h5 19. c4 c5 20. a3 h4 21. Ne4 Rh5
22. Nd6+ Kb8 23. bxc5 Nxc5 24. Qe3 h3 25. Ne4 Rxd1 26. Rxd1 Qc6 27. f3 Nxe4 28.
Qxe4 Qxe4 29. fxe4 Kc7 30. Rd3 1/2-1/2

[Event "Politiken Cup 2007"]
[Site "Helsingor"]
[Date "2007.07.24"]
[Round "5.77"]
[White "Eklund, Joel"]
[Black "Schmidt, Horst Hubert"]
[Result "1-0"]
[WhiteElo "2067"]
[BlackElo "1896"]
[PlyCount "61"]
[EventDate "2007.??.??"]

1. d4 d5 2. Bg5 c5 3. e3 cxd4 4. exd4 Nc6 5. c3 Qc7 6. Bd3 e5 7. dxe5 Qxe5+ 8.
Be3 Bf5 9. Nf3 Qe6 10. O-O Be7 11. Re1 Bxd3 12. Qxd3 Qe4 13. Qb5 Qc4 14. Qxb7
Rb8 15. Qc7 Qa6 16. Ne5 Rc8 17. Qd7+ Kf8 18. Nxc6 Rxc6 19. Qxa7 Qc8 20. Nd2 Nf6
21. Bd4 Ne4 22. Nxe4 Ra6 23. Bxg7+ Kxg7 24. Qxe7 dxe4 25. Qe5+ f6 26. Qe7+ Kg6
27. Qxe4+ f5 28. Qe5 Rg8 29. Rad1 Qc6 30. Rd3 Ra4 31. Rd6+ 1-0

[Event "Politiken Cup 2007"]
[Site "Helsingor"]
[Date "2007.07.24"]
[Round "5.78"]
[White "Andersen, Harry"]
[Black "Getz, Nicolai"]
[Result "0-1"]
[WhiteElo "1912"]
[BlackElo "2060"]
[PlyCount "36"]
[EventDate "2007.??.??"]

1. e4 e6 2. d4 d5 3. exd5 exd5 4. Bd3 Nc6 5. c3 Bd6 6. Nf3 Nge7 7. O-O Bg4 8.
Nbd2 Qd7 9. Re1 O-O-O 10. b4 Ng6 11. a4 Rhe8 12. a5 Nf4 13. Bf1 Rxe1 14. Qxe1
Re8 15. Qd1 Qf5 16. b5 Nb8 17. Ba3 Qg6 18. Bxd6 Nh3+ 0-1

[Event "Politiken Cup 2007"]
[Site "Helsingor"]
[Date "2007.07.24"]
[Round "5.79"]
[White "Mathiesen, Erik"]
[Black "Palsson, Svanberg Mar"]
[Result "1-0"]
[WhiteElo "2060"]
[BlackElo "1817"]
[PlyCount "85"]
[EventDate "2007.??.??"]

1. Nf3 g6 2. g3 Bg7 3. d4 Nf6 4. Bg2 O-O 5. O-O d6 6. c4 Nbd7 7. Nc3 c5 8. d5
Nb6 9. Qd3 e6 10. dxe6 fxe6 11. Bg5 d5 12. cxd5 exd5 13. Rad1 Bf5 14. Qb5 Qd6
15. Nh4 a6 16. Nxf5 gxf5 17. Qd3 Ne4 18. Nxe4 fxe4 19. Bxe4 h6 20. Bf4 Rxf4 21.
gxf4 Qxf4 22. Bxd5+ Nxd5 23. Qxd5+ Kh8 24. Rd3 Be5 25. Rg3 Qf5 26. Qxb7 Rb8 27.
Qf3 Qe6 28. Rg2 Rxb2 29. Qf8+ Kh7 30. Rd1 Bd4 31. e3 Rxf2 32. Kxf2 Bxe3+ 33.
Kf1 Qc4+ 34. Re2 Bd4 35. Qf5+ Kh8 36. Rb1 Qg8 37. Re6 Qg1+ 38. Ke2 Qxh2+ 39.
Kd3 Qg3+ 40. Kc4 Qg8 41. Rb7 a5 42. Rf7 Bg7 43. Qg6 1-0

[Event "Politiken Cup 2007"]
[Site "Helsingor"]
[Date "2007.07.24"]
[Round "5.80"]
[White "Korley, Kassa"]
[Black "Doran, Chris"]
[Result "1-0"]
[WhiteElo "1900"]
[BlackElo "2060"]
[PlyCount "61"]
[EventDate "2007.??.??"]

1. e4 c5 2. Nf3 d6 3. d4 cxd4 4. Nxd4 Nf6 5. Nc3 g6 6. Bc4 Bg7 7. f3 Nc6 8. Be3
O-O 9. Qd2 Bd7 10. g4 Rc8 11. Bb3 Ne5 12. h4 b5 13. h5 b4 14. Nce2 Bxg4 15.
fxg4 Nxe4 16. Qxb4 a5 17. Qb7 Nc5 18. Qg2 a4 19. Bd5 e6 20. hxg6 exd5 21. Qh3
h6 22. Bxh6 fxg6 23. Bxg7 Ned3+ 24. cxd3 Nxd3+ 25. Qxd3 Qa5+ 26. Nc3 Rfe8+ 27.
Kd2 Kxg7 28. Rae1 a3 29. b3 Re4 30. Rxe4 dxe4 31. Qe3 1-0

[Event "Politiken Cup 2007"]
[Site "Helsingor"]
[Date "2007.07.24"]
[Round "5.81"]
[White "Vigfusson, Vigfus"]
[Black "Motzkus, Mikkel"]
[Result "1-0"]
[WhiteElo "2059"]
[BlackElo "1839"]
[PlyCount "51"]
[EventDate "2007.??.??"]

1. e4 c6 2. d4 d5 3. exd5 cxd5 4. c3 Nc6 5. Bd3 Nf6 6. Bf4 e6 7. Nf3 Bd6 8.
Bxd6 Qxd6 9. O-O O-O 10. Re1 a6 11. a4 Qc7 12. Nbd2 Rb8 13. Qe2 b5 14. axb5
axb5 15. b4 Qb6 16. Nb3 Ne8 17. Nc5 Nd6 18. Bxh7+ Kxh7 19. Ng5+ Kg8 20. Qh5 Re8
21. Qh7+ Kf8 22. Qh8+ Ke7 23. Qxg7 Nd8 24. Nh7 Nf5 25. Qe5 Nxd4 26. cxd4 1-0

[Event "Politiken Cup 2007"]
[Site "Helsingor"]
[Date "2007.07.24"]
[Round "5.82"]
[White "Jensen, Mads"]
[Black "Jensen, Morten Frank"]
[Result "1/2-1/2"]
[WhiteElo "1851"]
[BlackElo "2054"]
[PlyCount "52"]
[EventDate "2007.??.??"]

1. d4 Nc6 2. e4 e5 3. d5 Nce7 4. Bd3 Ng6 5. Ne2 Bc5 6. Bd2 d6 7. b4 Bb6 8. Na3
a6 9. Nc4 Ba7 10. Be3 Bxe3 11. Nxe3 Nh6 12. c4 O-O 13. h3 f5 14. Qc2 Nh4 15.
exf5 N6xf5 16. Nxf5 Bxf5 17. Bxf5 Rxf5 18. O-O Qg5 19. Ng3 Raf8 20. Rae1 h5 21.
Re4 Rf4 22. Qe2 g6 23. a4 Nxg2 24. Kxg2 h4 25. Rxf4 Rxf4 26. Qe3 Rf5 1/2-1/2

[Event "Politiken Cup 2007"]
[Site "Helsingor"]
[Date "2007.07.24"]
[Round "5.83"]
[White "Akdag, Dara"]
[Black "Søndergaard, Thomas"]
[Result "0-1"]
[WhiteElo "2053"]
[BlackElo "1778"]
[PlyCount "184"]
[EventDate "2007.??.??"]

1. d4 f5 2. c4 Nf6 3. Nc3 e6 4. g3 Be7 5. Bg2 O-O 6. Nf3 Ne4 7. Qc2 d5 8. O-O
c6 9. Ne5 Nd7 10. Bf4 Bf6 11. Rad1 Qe8 12. f3 Ng5 13. e4 dxc4 14. Nxc4 Qh5 15.
Bd6 Re8 16. f4 Nf7 17. a4 Bd8 18. Kh1 Nb6 19. Nxb6 Bxb6 20. Ba3 Nh6 21. Bf3 Qg6
22. Rfe1 Rd8 23. d5 Bd7 24. d6 Qf7 25. e5 Ng4 26. Bxg4 fxg4 27. Qe2 Qf5 28. h3
gxh3 29. Kh2 h5 30. Qd3 Qg4 31. Qf1 h4 32. Qxh3 hxg3+ 33. Qxg3 Qf5 34. Qg5 Qxg5
35. fxg5 Kf7 36. Kg3 Kg6 37. Kg4 Rh8 38. Rh1 Raf8 39. Ne4 Rxh1 40. Rxh1 Rf5 41.
Re1 Rxe5 42. b4 Rd5 43. Bc1 e5+ 44. Kf3 Bf5 45. Nc5 Rxd6 46. Rxe5 Rd4 47. Nxb7
Bg4+ 48. Kg2 Rxb4 49. Re7 Rxa4 50. Kg3 Bf5 51. Nd6 Bd4 52. Rc7 Be5+ 53. Kf2
Bd4+ 54. Be3 Ra2+ 55. Kf3 Ra3 56. Nc4 Rd3 57. Rxc6+ Kh5 58. Kf4 g6 59. Bc1 Rd1
60. Rc7 Rf1+ 61. Kg3 Rxc1 62. Kf4 Rf1+ 63. Kg3 Kxg5 64. Kg2 Rf2+ 65. Kg3 Rc2
66. Kf3 a5 67. Rc6 a4 68. Kg3 a3 69. Ra6 a2 70. Kf3 a1=Q 71. Rxa1 Bxa1 72. Ne3
Rc3 73. Kf2 Rxe3 74. Kxe3 Kg4 75. Kf2 Kh3 76. Kf3 g5 77. Ke3 g4 78. Kf4 Bd7 79.
Ke3 g3 80. Kd2 g2 81. Ke2 g1=Q 82. Kd3 Qd1+ 83. Ke4 Qc2+ 84. Kd5 Bf5 85. Kd6
Qd3+ 86. Kc5 Bd4+ 87. Kd5 Be4+ 88. Ke6 Qa6+ 89. Kd7 Qb6 90. Ke7 Qc6 91. Kf7
Qf6+ 92. Ke8 Bc6# 0-1

[Event "Politiken Cup 2007"]
[Site "Helsingor"]
[Date "2007.07.24"]
[Round "5.84"]
[White "Larsen, Finn"]
[Black "Hansen, Anders"]
[Result "0-1"]
[WhiteElo "1840"]
[BlackElo "2053"]
[PlyCount "108"]
[EventDate "2007.??.??"]

1. e4 c5 2. Nf3 e6 3. d4 cxd4 4. Nxd4 Nc6 5. Nxc6 bxc6 6. c4 Nf6 7. Bd3 d6 8.
O-O Be7 9. Qc2 Qc7 10. Nc3 O-O 11. h3 h6 12. Be3 c5 13. f4 Bb7 14. f5 a6 15.
Bf4 Nd7 16. Qf2 Ne5 17. Qg3 Kh7 18. Bc2 Bf6 19. b3 Qe7 20. Rad1 Rad8 21. Ne2 g5
22. fxg6+ fxg6 23. Bd2 g5 24. Qe3 Bc6 25. Ng3 Be8 26. Qe2 Kg8 27. Rf2 Nc6 28.
Bb1 Bd4 29. Be3 Rxf2 30. Bxf2 Bg6 31. Bd3 Rf8 32. Be3 Qg7 33. Kh1 Qe5 34. Bxd4
Nxd4 35. Qe1 Kg7 36. Nf1 Bh5 37. Rd2 Rf4 38. Nh2 d5 39. Qb1 dxe4 40. g3 Rf7 41.
Bxe4 Qxg3 42. Rd3 Qf2 43. Qg1 Qxg1+ 44. Kxg1 a5 45. Re3 Ne2+ 46. Kh1 Nf4 47.
Kg1 Rd7 48. a4 Rd2 49. Bc6 Kf6 50. Nf1 Rd3 51. Kh2 Rxe3 52. Nxe3 Ke5 53. Nf1
Kd4 54. Ng3 Bd1 0-1

[Event "Politiken Cup 2007"]
[Site "Helsingor"]
[Date "2007.07.24"]
[Round "5.85"]
[White "Cannon, Raymond C"]
[Black "Larsen, Tor Ketil"]
[Result "0-1"]
[WhiteElo "2050"]
[BlackElo "1694"]
[PlyCount "102"]
[EventDate "2007.??.??"]

1. e4 d5 2. exd5 Qxd5 3. Nf3 Bg4 4. Be2 Nc6 5. Nc3 Qd7 6. O-O e6 7. d3 Nf6 8.
Nd2 h5 9. Nde4 O-O-O 10. Nxf6 gxf6 11. Ne4 Bxe2 12. Qxe2 Nd4 13. Qd1 Be7 14.
Be3 Rdg8 15. Bxd4 Qxd4 16. Qf3 f5 17. Nc3 a6 18. Ne2 Qf6 19. d4 Rg4 20. h3 Bd6
21. Rfd1 Rg5 22. c4 c6 23. d5 exd5 24. cxd5 c5 25. Qc3 Qd8 26. b4 Rhg8 27. g3
b6 28. bxc5 bxc5 29. Qc4 h4 30. Qxa6+ Kd7 31. Qa4+ Ke7 32. Qxh4 Kf8 33. Qh6+
R8g7 34. Kh1 Kg8 35. f4 R5g6 36. Qh5 Rh7 37. Qxf5 Qe7 38. Nc3 Qe3 39. Rd3 Rxh3+
40. Qxh3 Qxd3 41. Re1 Qf3+ 42. Qg2 Qxc3 43. Re8+ Bf8 44. d6 Qa1+ 45. Qg1 Rh6+
46. Kg2 Qxa2+ 47. Kf3 Qd5+ 48. Kf2 Rxd6 49. Qa1 Qh5 50. Qa8 Rd2+ 51. Ke1 Qd1#
0-1

[Event "Politiken Cup 2007"]
[Site "Helsingor"]
[Date "2007.07.24"]
[Round "5.86"]
[White "Jogvansson, Hjalti Toftum"]
[Black "Jensen, Ib"]
[Result "0-1"]
[WhiteElo "1519"]
[BlackElo "2047"]
[PlyCount "106"]
[EventDate "2007.??.??"]

1. d4 Nf6 2. Nf3 e6 3. Bf4 c5 4. e3 Qb6 5. b3 cxd4 6. exd4 Nc6 7. c3 d5 8. Bd3
Bd7 9. O-O Ne7 10. Nbd2 Ng6 11. Bg3 Nh5 12. Ne5 Nf6 13. f4 Bb5 14. Bxb5+ Qxb5
15. f5 exf5 16. c4 Qa6 17. cxd5 Bb4 18. a3 Bc3 19. Nxg6 hxg6 20. Re1+ Kf8 21.
Rc1 Nxd5 22. Rxc3 Nxc3 23. Qf3 Qc6 24. Qxc6 bxc6 25. Kf2 Rc8 26. Rc1 Nd5 27.
Bd6+ Ke8 28. Nc4 f6 29. Bc5 Rc7 30. b4 Kd7 31. a4 Re8 32. b5 cxb5 33. axb5 Re6
34. Ra1 Nb6 35. d5 Nxd5 36. Rxa7 Rxa7 37. Bxa7 Kc7 38. Bc5 Nb6 39. Nxb6 Rxb6
40. Bf8 Rxb5 41. Bxg7 Rb6 42. Kf3 Kd7 43. h4 Ke6 44. Bf8 Rb8 45. Bc5 g5 46.
hxg5 fxg5 47. g3 Rb3+ 48. Be3 Ke5 49. Kf2 g4 50. Bf4+ Ke4 51. Bc7 Rb2+ 52. Kg1
Kf3 53. Kh1 Rg2 0-1

[Event "Politiken Cup 2007"]
[Site "Helsingor"]
[Date "2007.07.24"]
[Round "5.87"]
[White "Nordfjoerd, Sverrir"]
[Black "Jørgensen, Rasmus"]
[Result "0-1"]
[WhiteElo "2039"]
[BlackElo "1399"]
[PlyCount "184"]
[EventDate "2007.??.??"]

1. e4 e5 2. Nf3 Nc6 3. Bb5 a6 4. Ba4 Nf6 5. d4 b5 6. Bb3 Bd6 7. dxe5 Nxe5 8.
Nxe5 Bxe5 9. f4 Nxe4 10. Qh5 O-O 11. fxe5 Bb7 12. O-O g6 13. Qe2 c5 14. c4 Re8
15. cxb5 Rxe5 16. Rxf7 d5 17. Rxb7 Qf6 18. Qf3 Rf5 19. Bxd5+ Kh8 20. Bxe4 Rxf3
21. Bxf3 Qd4+ 22. Kf1 Qc4+ 23. Kf2 Qxc1 24. Re7 Qxb2+ 25. Re2 Qd4+ 26. Kg3 Qxa1
27. Bxa8 Qxb1 28. Re8+ Kg7 29. bxa6 Qd3+ 30. Bf3 Qxa6 31. Ra8 Qd6+ 32. Kf2 c4
33. Rc8 Qd2+ 34. Kg3 Qxa2 35. Bd5 Qa3+ 36. Kf2 c3 37. Be4 Qb2+ 38. Kf3 Qd2 39.
h4 Qd4 40. Rc7+ Kf6 41. Rxh7 Qd1+ 42. Kf4 c2 43. Bxc2 Qxc2 44. g4 Qh2+ 45. Ke4
Qg2+ 46. Kf4 Qf2+ 47. Ke4 g5 48. Rh6+ Kg7 49. hxg5 Qg3 50. Rf6 Qxg4+ 51. Rf4
Qxg5 52. Kf3 Qd5+ 53. Ke3 Kg6 54. Rd4 Qe5+ 55. Re4 Qc3+ 56. Kf4 Kf6 57. Kg4 Qd3
58. Kf4 Qh3 59. Re3 Qh4+ 60. Kf3 Kf5 61. Ke2 Qd4 62. Rd3 Qc4 63. Ke3 Ke5 64.
Kd2 Ke4 65. Rc3 Qa2+ 66. Rc2 Qb3 67. Rc3 Qb2+ 68. Rc2 Qd4+ 69. Kc1 Ke3 70. Kb1
Kd3 71. Rb2 Kc3 72. Ka2 Qa4+ 73. Kb1 Qa3 74. Rc2+ Kd3 75. Rb2 Qa4 76. Rh2 Qd7
77. Rb2 Qd5 78. Ka1 Qd4 79. Kb1 Qc4 80. Ka1 Qc3 81. Ka2 Kc4 82. Kb1 Qd4 83. Ka2
Qd1 84. Rh2 Qb3+ 85. Ka1 Qc3+ 86. Rb2 Qa3+ 87. Kb1 Qd3+ 88. Ka1 Qd1+ 89. Ka2
Kc3 90. Rh2 Qa4+ 91. Kb1 Qe4+ 92. Ka2 Qa8+ 0-1

[Event "Politiken Cup 2007"]
[Site "Helsingor"]
[Date "2007.07.24"]
[Round "5.88"]
[White "Guttulsrud, Odd Martin"]
[Black "Valla, Martin"]
[Result "1/2-1/2"]
[WhiteElo "1426"]
[BlackElo "2033"]
[PlyCount "149"]
[EventDate "2007.??.??"]

1. e4 Nf6 2. e5 Nd5 3. d4 d6 4. exd6 cxd6 5. Nf3 g6 6. c4 Nb6 7. Nc3 Bg7 8. Be3
O-O 9. h3 Nc6 10. Be2 d5 11. c5 Nc4 12. Bxc4 dxc4 13. O-O Bf5 14. Ne2 Bd3 15.
Re1 Nb4 16. Rf1 b6 17. cxb6 axb6 18. a3 b5 19. Ne1 Bxe2 20. Qxe2 Nc6 21. Nf3
Qd5 22. Rfc1 Na5 23. Rc2 Nb3 24. Rd1 Rfd8 25. Nd2 Nxd4 26. Bxd4 Qxd4 27. Re1
Ra7 28. Ne4 Qd3 29. Rd2 f5 30. Rxd3 cxd3 31. Qe3 Bd4 32. Qxd3 fxe4 33. Qb3+ Kg7
34. Rxe4 e5 35. Qxb5 Rf7 36. Re2 Rdf8 37. Kh2 Rxf2 38. Rxf2 Rxf2 39. b3 Ra2 40.
a4 h5 41. h4 Kf6 42. a5 Kf5 43. Qd3+ Kf6 44. a6 Ra3 45. Qc4 Ra1 46. Kg3 Re1 47.
a7 Re3+ 48. Kh2 Bxa7 49. Qc6+ Kf7 50. Qc7+ Kf6 51. Qxa7 Rxb3 52. Qf2+ Kg7 53.
Qc5 Rd3 54. Qe7+ Kg8 55. Qf6 Kh7 56. Qf7+ Kh6 57. Qg8 Rd7 58. Qh8+ Rh7 59. Qxe5
Rb7 60. Qe3+ Kh7 61. Kh3 Rd7 62. g4 hxg4+ 63. Kxg4 Rf7 64. Qe4 Rf5 65. Qe8 Kg7
66. Qe7+ Kg8 67. Qd7 Rh5 68. Qc7 Rf5 69. Qe7 Kh8 70. h5 Rxh5 71. Qf7 Rh6 72.
Kg5 Rh5+ 73. Kxg6 Rg5+ 74. Kh6 Rg6+ 75. Qxg6 1/2-1/2

[Event "Politiken Cup 2007"]
[Site "Helsingor"]
[Date "2007.07.24"]
[Round "5.89"]
[White "Brandt, Eivind"]
[Black "Petersen, Nils"]
[Result "0-1"]
[WhiteElo "1030"]
[BlackElo "2026"]
[PlyCount "72"]
[EventDate "2007.??.??"]

1. d4 Nf6 2. c4 e6 3. a3 b6 4. Nf3 Bb7 5. Nc3 d5 6. cxd5 Nxd5 7. Qc2 f5 8. e4
Nxc3 9. bxc3 Bxe4 10. Qa4+ Qd7 11. Qxd7+ Nxd7 12. Ng5 Ke7 13. Nxe4 fxe4 14. Bf4
c5 15. Bb5 cxd4 16. cxd4 Nf6 17. Rc1 Nd5 18. Be5 Kf7 19. a4 Bb4+ 20. Ke2 Rac8
21. Rc6 Rxc6 22. Bxc6 Rc8 23. Rc1 Nc3+ 24. Rxc3 Bxc3 25. Bxe4 g6 26. f4 Bb4 27.
g4 Be7 28. d5 Rc4 29. Kd3 Rxa4 30. d6 Bd8 31. Bc6 Ra3+ 32. Ke4 Rh3 33. f5 gxf5+
34. gxf5 Rh4+ 35. Bf4 Bg5 36. fxe6+ Kxe6 0-1

[Event "Politiken Cup 2007"]
[Site "Helsingor"]
[Date "2007.07.24"]
[Round "5.90"]
[White "Rasmussen, Henning"]
[Black "Leszczynski, Krzysztof"]
[Result "0-1"]
[WhiteElo "1902"]
[BlackElo "2180"]
[PlyCount "75"]
[EventDate "2007.??.??"]

1. Nf3 e6 2. d4 b6 3. g3 Bb7 4. Bg2 f5 5. c4 Bb4+ 6. Bd2 Bxd2+ 7. Qxd2 Nf6 8.
Nc3 O-O 9. e3 Ne4 10. Qc2 Nxc3 11. Qxc3 Be4 12. Nh4 Bxg2 13. Nxg2 Qe8 14. h4 d6
15. f4 Nd7 16. O-O-O Nf6 17. Qe1 Qa4 18. Kb1 Qxc4 19. h5 h6 20. Ka1 Qd5 21. Qe2
a5 22. Nh4 Kh7 23. Qf3 Qxf3 24. Nxf3 Rfd8 25. Rc1 c5 26. Kb1 Rac8 27. a4 Rc7
28. Rh2 Rdc8 29. Rhh1 c4 30. Rh2 Kg8 31. Rhh1 Kf7 32. Rh2 Ke7 33. Rhh1 Kd8 34.
Rh2 Kd7 35. Rhh1 c3 36. b3 c2+ 37. Kb2 Nd5 38. Rhe1 0-1

[Event "Politiken Cup 2007"]
[Site "Helsingor"]
[Date "2007.07.24"]
[Round "5.91"]
[White "Andersen, Ib Hother"]
[Black "Almer, Julia"]
[Result "1-0"]
[WhiteElo "2162"]
[BlackElo "1932"]
[PlyCount "91"]
[EventDate "2007.??.??"]

1. e4 e5 2. Nf3 Nc6 3. Bb5 a6 4. Ba4 Nf6 5. O-O Be7 6. Re1 b5 7. Bb3 d6 8. c3
O-O 9. h3 Nb8 10. d4 Nbd7 11. Nbd2 Bb7 12. Bc2 Re8 13. Nf1 Bf8 14. Ng3 g6 15.
b3 c5 16. d5 Nb6 17. Bg5 c4 18. b4 h6 19. Be3 Nbd7 20. a4 h5 21. Nf1 Nb6 22.
axb5 axb5 23. Rxa8 Nxa8 24. Qd2 Nb6 25. Ra1 Qc7 26. Ra5 Ra8 27. Rxb5 Nbd7 28.
Qc1 Bc8 29. N3d2 Be7 30. Qb2 Bd8 31. Bd1 Ba6 32. Ra5 Qb7 33. Ra3 Bb5 34. Qa2
Ra6 35. Rxa6 Bxa6 36. Be2 Qc8 37. f3 Nb6 38. Bf2 Kg7 39. Ne3 Nfd7 40. Nexc4
Nxc4 41. Bxc4 Bb7 42. Qa7 Bg5 43. Be3 Bh4 44. Bb5 Qxc3 45. Bxd7 Qxb4 46. Nf1
1-0